NFL Every Draft Top 10 in the Last Decade - Statistics

General Stats
  • This quiz has been taken 374 times
    208 since last reset
  • The average score is 41 of 50
Answer Stats
Answer % Correct
Bryce Young
99%
Cameron Ward
99%
Caleb Williams
98%
Chase Young
98%
C.J. Stroud
98%
Denzel Ward
98%
Drake Maye
98%
Joe Burrow
98%
Travis Hunter
98%
Jayden Daniels
97%
Quinnen Williams
96%
Trevor Lawrence
96%
Ja'Marr Chase
94%
Kyler Murray
94%
Zack Wilson
94%
Trey Lance
93%
Marvin Harrison Jr.
92%
Abdul Carter
91%
Baker Mayfield
91%
Jared Goff
91%
Aidan Hutchinson
89%
Anthony Richardson
89%
Will Anderson Jr.
89%
Travon Walker
88%
Joe Alt
86%
Tua Tagovailoa
86%
Myles Garrett
84%
Carson Wentz
83%
Will Campbell
83%
Saquon Barkley
81%
Kyle Pitts
80%
Sauce Gardner
80%
Joey Bosa
78%
Mitchell Trubisky
78%
Nick Bosa
78%
Sam Darnold
78%
Mason Graham
75%
Derek Stingley Jr.
73%
Devon Witherspoon
71%
Ezekiel Elliott
66%
Jeff Okudah
65%
Andrew Thomas
60%
Solomon Thomas
60%
Kayvon Thibodeaux
58%
Jalen Ramsey
52%
Leonard Fournette
51%
Bradley Chubb
50%
Devin White
47%
Clelin Ferrell
42%
Corey Davis
42%
No matching quizzes found
Score Distribution
Percent of People with Each Score
Percentile by Number Answered
Your Score History
You have not taken this quiz since the last reset